| 000 | 01192nam a2200313 c 4500 | ||
|---|---|---|---|
| 003 | BLK | ||
| 005 | 20220418104148.0 | ||
| 008 | 180409b bul|||||r ||||||| ||bul|| | ||
| 010 | _aKNG00102516000 | ||
| 040 | _aBLK | ||
| 041 |
_aBUL _cBUL |
||
| 080 |
_aАмериканска литература (на САЩ) _b821.111(73) _x-31 _z821.111(73)-31 |
||
| 100 | 1 |
_aХелър, Джоузеф _eпърви автор _9244054 |
|
| 700 | 1 |
_aАтанасов, Боян _eпрев. от англ. _9285743 |
|
| 139 |
_aХелър, Джоузеф _bХ 40 |
||
| 245 | 1 | 0 |
_aПараграф 22 _bРоман _cДжоузеф Хелър; прев. от англ. Боян Атанасов. |
| 250 | _a2. изд. | ||
| 257 | _aUSA | ||
| 260 |
_аСофия _bНар. култура _c1982 _fВраца : печ. В. Александров |
||
| 300 |
_a527 с. _c20 см |
||
| 380 | _aX | ||
| 500 | _aОриг. загл. Catch 22 / Joseph Heller. - 1. изд. 1977 в Библ. Избрани романи. - 60 125 тир. | ||
| 653 | _aромани | ||
| 852 | _aЦб 113813 | ||
| 856 | 4 |
_qpdf _u |
|
| 856 | 4 |
_qpdf _u |
|
| 942 |
_cKNG _n0 _012 |
||
| 944 |
_aCR _c01.01.1999 _kЛюдмила_Стоянова |
||
| 944 |
_aED _c02.02.2010 _k |
||
| 999 |
_c97604 _d97604 |
||